Special report (Record no. 82579)

MARC details
000 -LEADER
fixed length control field 01070cad a22002175a 4500
001 - CONTROL NUMBER
control field E150624
008 - FIXED-LENGTH DATA ELEMENTS--GENERAL INFORMATION
fixed length control field 100804e20100707xxk 000 0 eng d
035 ## - SYSTEM CONTROL NUMBER
System control number (Sirsi) u150624
041 0# - LANGUAGE CODE
Language code of text/sound track or separate title eng
100 1# - MAIN ENTRY--PERSONAL NAME
Personal name Miller, Kristen
245 00 - TITLE STATEMENT
Title Special report
Remainder of title creation of new Scottish empty homes partnership
Medium [electronic resource]
260 ## - PUBLICATION, DISTRIBUTION, ETC.
Date of publication, distribution, etc. 2010
490 ## - SERIES STATEMENT
Series statement Scotland National Rural Network Special Report
Volume/sequential designation 7 July 2010
520 ## - SUMMARY, ETC.
Summary, etc. Outlines the work of the Scottish Empty Homes Partnership, which has recently been established to help councils and their partners such as housing associations, developers and property owners, bring empty property back into use. The project is funded by the Scottish Government and overseen by Shelter Scotland.
590 ## - LOCAL NOTE (RLIN)
Local note KA
610 24 - SUBJECT ADDED ENTRY--CORPORATE NAME
Corporate name or jurisdiction name as entry element Scottish Empty Homes Partnership
9 (RLIN) 5872
651 #4 - SUBJECT ADDED ENTRY--GEOGRAPHIC NAME
Geographic name Scotland
Chronological subdivision 1999-
690 ## - LOCAL SUBJECT ADDED ENTRY--TOPICAL TERM (OCLC, RLIN)
Topical term or geographic name as entry element PROPERTY-RESIDENTIAL PROPERTY-DOMESTIC RESIDENTIAL PROPERTY-HOUSING
856 40 - ELECTRONIC LOCATION AND ACCESS
Uniform Resource Identifier <a href="https://www.ruralgateway.org.uk/en/node/2446">https://www.ruralgateway.org.uk/en/node/2446</a>
Public note View the article free of charge at www.ruralgateway.org.uk
942 ## - ADDED ENTRY ELEMENTS (KOHA)
Suppress in OPAC 0
Holdings
Withdrawn status Lost status Source of classification or shelving scheme Damaged status Not for loan Home library Current library Shelving location Date acquired Total Checkouts Full call number Barcode Date last seen Copy number Price effective from Koha item type
    Dewey Decimal Classification     Virtual Virtual Online 04/08/2010   ONLINE PUBLICATION 150624-2001 06/08/2019 1 06/08/2019 Journal article